000 00334nam a2200145Ia 4500
008 150201s2005 xx 000 0 und d
082 _a617.645
_bP2005P
100 _aPHINKHAM
245 _aPEDIATRIC DENTISTRY
250 _a4TH
260 _bELSEVIER
_aDELHI
_c2005
300 _a1-750
650 _aPEDODONTICS
942 _2ddc
_cBK
_01
999 _c3857
_d3857